Urgent vyčistia za 300 000 € ročne odborári kritizujú drahé upratovanie v nemocnici

Podrobná bibliografia
Médium: Článok
Jazyk:slovenčina
Fyzický popis:Fotogr.
ISSN:1335-4655
Predmet:

MARC

LEADER 00000nab a2200000 ar4500
001 vtls010653930
003 SK-MaSNL
005 20260303210804.0
008 150211c20141210xo mr|p|||||||000 b|slo
038 |a SNSK 
040 |b slo  |c SNSK  |e AACR2 
041 |a slo 
044 |a xo  |c SK 
080 |a 725.51  |x (437.671)  |2 2001 
080 |a 355.673  |2 2001 
080 |a 658.8.036.9  |2 2001 
245 0 0 |a Urgent vyčistia za 300 000 € ročne  |b odborári kritizujú drahé upratovanie v nemocnici  |c [autor] kz 
300 |b Fotogr. 
610 2 7 |a Univerzitná nemocnica L. Pasteura Košice  |2 snsk  |9 155401 
610 2 7 |a Lekárske odborové združenie (Slovensko)  |2 snsk  |9 1044055 
650 0 7 |a upratovanie  |2 snsk  |9 29375 
650 0 7 |a predraženie  |2 snsk  |9 879930 
650 0 7 |a verejné obstarávanie  |2 snsk  |9 4221 
651 7 |a Košice (Slovensko)  |2 snsk  |9 18694 
773 0 |t Nový Čas  |g Roč. 24, č. 283 (10.12.2014), s. 9  |x 1335-4655 
852 |a SNSK  |b KIS3GCP 
999 |c 2201718  |d 2203648